• 首页
  • 本馆介绍
  • 公告通知
  • 最新文献
  • 馆藏检索
  • 电子资源
  • 读者导购
  • 参考咨询
  • 我的图书馆
  • 登录
  • 详细信息显示
  • 放入我的书架
  • 预约/预借图书
  • 作者相关作品
  • 分类相关作品
  • 丛书相关作品
  • 出版社相关作品

书目信息

  • 表格格式
  • 工作单格式
  • 卡片格式
题名:
树木遗传育种学
    
 
作者: ;南京林产工业学院 主编
分册:  
出版信息: 北京   科学出版社  1980
页数: 457页
开本: 19cm
丛书名:
单 册:
中图分类: S722.3
科图分类:
主题词: 木本植物-遗传育种--理论 , 遗传育种-木本植物--理论
电子资源:
ISBN: 13031.1195
000 00721nam0 2200241 450
001 0180009528
005 20100712215859.0
010    @a13031.1195@dCNY3.60
091    @a13031.1195
100    @a19950606d1980 em y0chiy0110 ea
101 0  @achi
102    @aCN@b110000
105    @ay z 000yy
106    @ar
200 1  @a树木遗传育种学@9Shu Mu Yi;Wei Chuan;Zhuan Yu;Yo Zhong;Chong Xue @f南京林产工业学院主编
210    @a北京@c科学出版社@d1980
215    @a457页@d19cm
606 0  @a木本植物-遗传育种@x理论
606 0  @a遗传育种-木本植物@x理论
690    @aS722.3@v3
711 02 @a南京林产工业学院@9nan jing lin chan gong ye xue yuan@4主编
801  0 @aCN@bAzMarc@c20130904
905    @aBZT@dS722.3@e3@f2@sS722.3/3
    
    树木遗传育种学/南京林产工业学院主编.-北京:科学出版社,1980
    457页;19cm
    
    
    ISBN 13031.1195:CNY3.60
    
●
相关链接 在五车中查询图书 在当当中查询图书 在豆瓣中查询图书


正题名:树木遗传育种学     索取号:S722.3/3         预约/预借

序号 登录号 条形码 馆藏地/架位号 状态 备注
1 2000042146   2000042146   旧书回溯/ [索取号:S722.3/3] 在馆    
2 2000042147   2000042147   旧书回溯/ [索取号:S722.3/3] 在馆    
山东省滨州职业学院图书馆 欢迎您!
大连网信软件有限公司© 版权所有